| 000 | 00937cab a2200265 4500 | ||
|---|---|---|---|
| 001 | ABS49350 | ||
| 008 | 090401t xxu||||| |||| 00| 0 eng d | ||
| 035 | _a(Sirsi) u70986 | ||
| 041 | _aeng | ||
| 100 | _aGriffiths, M. | ||
| 245 | _aKeeping paying the rent | ||
| 350 | _a0 | ||
| 490 |
_aSolicitors` Journal _v137(34) 890(1) |
||
| 520 | _aConsiders two recent cases "City of London Corporation v Sell" and "Herbert Duncan and Cluttons" which look at the liability of a head lessee for an insolvent assignee after the expiry of the lease under Part II of the Landlord and Tenant Act 1954. | ||
| 650 | _aASSIGNMENT | ||
| 650 | _aCITY OF LONDON CORPORATION V SELL | ||
| 650 | _aHERBERT DUNCAN V CLUTTONS | ||
| 650 | _aINSOLVENT ASSIGNEE | ||
| 650 | _aLANDLORD AND TENANT ACT 1954 PART II | ||
| 650 | _aLEASES | ||
| 650 | _aLIABILITY | ||
| 690 | _aLANDLORD AND TENANT-BUSINESS TENANCIES | ||
| 942 | _n0 | ||
| 948 | _c04/03/1997 | ||
| 999 |
_c44726 _d44726 |
||